Statistiken für Schnelle Mathematik - Zahlen Level 08

Klicken Sie hier um das Quiz zu spielen!

Allgemein

  • Dieses Quiz wurde 119 mal gespielt
  • Das Durchschnittsergebnis liegt bei 23 aus 30

Antwortstatistiken

Nummer% Korrekt
30
98%
28
96%
29
96%
24
95%
25
95%
26
95%
27
95%
22
93%
23
93%
21
91%
19
89%
20
89%
17
88%
18
88%
16
84%
14
80%
15
80%
13
75%
12
73%
11
68%
10
63%
9
63%
8
59%
7
57%
6
54%
5
50%
4
48%
1
45%
3
45%
2
43%

Verteilung der Resultate

Perzentil nach korrekt beantworteten Fragen

Anzahl Personen mit jedem Resultat

Ihre Resultats-Entwicklung

Sie haben dieses Quiz noch nicht gespielt